The R. I. Schoolmaster

محفوظ في:

التنسيق: دورية

اللغة: Undetermined

منشور في: JSTOR
Sage Publications, Inc.

الموضوعات:

الوصول للمادة أونلاين: Login to view Source

الوسوم: إضافة وسم

لا توجد وسوم, كن أول من يضع وسما على هذه التسجيلة!

رقم الطلب:

LEADER 00499nas a2200169Ia 4500
008 220214c99999999xx |||||||||||| ||und||
022 |a 2638-9177 
022 |a 2639-9350 
245 0 4 |a The R. I. Schoolmaster 
264 1 |b JSTOR 
264 1 |b Sage Publications, Inc. 
362 0 |a Vol. 1(1855)-5 (1859) 
653 1 0 |a Social Sciences 
856 4 0 |u https://www.jstor.org/journal/rischo 
942 |c JL 
952 |0 0  |1 0  |4 0  |7 1  |9 36872  |a JSR  |b JSR  |d 2022-02-14  |l 0  |r 2022-02-14 00:00:00  |w 2022-02-14  |y JL 
999 |c 45204  |d 45204